000 00606nam a2200277Ia 4500
005 20260401122132.0
008 008 250103s9999 xx 000 0 eng d
020 _a521641160
037 _aTB
040 _aEDL
040 _beng
040 _cEDL
041 _2eng
041 _aeng
084 _a821.7 GIL
084 _qEDL
245 0 _aCambridge Companion to William Wordsworth
260 _aCambridge
260 _bCambridge University Press
260 _c2003
300 _a295p
942 _cTB
942 _h821.7 GIL
999 _c1845153
_d1845153